000 01016nam a2200289 i 4500
001 105625
003 ES-MaACL
005 20250818071043.0
007 t|
008 060728q1960 xxr ||||1| spa d
080 _a 32(460)"18"
080 _a 323.272(460)"18"
080 _a 323.272(460)"18" 94(460)"18"
100 1 _aMarx, Karl,
_d1818-1883
_978590
_eaut
245 1 3 _aLa revolución española :
_bartículos y crónicas 1854-1873 /
_cC. Marx, F. Engels.
260 _aMoscú :
_bEdiciones en Lenguas Extranjeras,
_c[ca. 1960]
300 _a242 páginas ;
_c21 cm.
500 _aBiblioteca Juan Andrade
650 4 _aRevoluciones-
_zEspaña-
_yS.XIX
_916900
651 4 _aEspaña-
_xPolítica y gobierno-
_yS.XIX
_9161744
651 7 _aEspaña-
_xHistoria-
_yS.XIX
_9142005
700 1 _aEngels, Friedrich.
_947225
_eaut
852 _aES-MaACL
_jAND-440
_bR.109744
_cDEPO2
_hBiblioteca Juan Andrade
942 _2udc
_cMONOGRAFIA
_n0
999 _c105625
_d105625